|
|
|
|
| LEADER |
00000nab a2200000 a 4500 |
| 001 |
vtls011111973 |
| 003 |
SK-MaSNL |
| 005 |
20260303150604.0 |
| 008 |
230222|1998 xo |||||||||||||||||slo| |
| 015 |
|
|
|a SNBRB
|
| 035 |
|
|
|a (uuid)ce957d7e-c555-421d-9afb-1887ee3deb37
|
| 035 |
|
|
|a (urnnbn)urn:nbn:sk:snk:ar-a08fv1
|
| 035 |
|
|
|a urn:nbn:sk:snk-ab9igc
|
| 040 |
|
|
|a SNKBUCL
|b slo
|c SNKBUCL
|e AACR2
|
| 041 |
0 |
|
|a slo
|
| 044 |
|
|
|a xo
|c SK
|
| 100 |
1 |
|
|a Skalský, Vladimír
|4 aut
|9 488156
|
| 245 |
1 |
0 |
|a Deduktívno-reduktívne určenie modelu nášho vesmíru
|c Vladimír Skalský
|
| 650 |
0 |
7 |
|a vesmír
|2 SNKPH
|9 1770
|
| 773 |
0 |
|
|t Vedecké práce Materiálovotechnologickej fakulty Slovenskej technickej univerzity v Bratislave so sídlom v Trnave
|g Č. 6 (1998), s. 343-348
|
| 954 |
|
|
|a odborná, vedecká literatúra pôvodná (slovenská)
|2 lita
|
| 958 |
|
|
|a OND
|
| 958 |
|
|
|a EUIPO
|
| 958 |
|
|
|a article13
|
| 999 |
|
|
|c 2011813
|d 2013743
|